000 01509cam a2200217 4500500
005 20260111052825.0
041 _afre
042 _adc
100 1 0 _aIordanidou, Domna
_eauthor
245 0 0 _aThe State, Geopolitics and Coal in Greece: A Historical Perspective
260 _c2025.
500 _a48
520 _aSince its foundation in the 1830s, modern Greece used to import fuel from abroad in peace times and lean mainly on its own lignite resources in times of conflict. What was coal and/or lignite used for? What was the impact of shortages that occurred in certain periods of time? This article presents on one hand economic data based on the official statistics about Greek coal imports and lignite production. On the other hand it presents the position the state took regarding the energy issue following the debate among engineers, public servants and mining entrepreneurs who considered the lignite issue as a “national issue”. Using institutional economics, the article sheds light on the difficult question of the energy problem in Greece, culminating in the creation in the 1950s of a state monopoly (Public Power Corporation DEI) centered on lignite.
690 _acoal
690 _aGreece
690 _alignite
690 _areconstruction
690 _awar economy
786 0 _nJournal of Energy History | 14 | 1 | 2025-12-10 | p. 49-63 | 2649-3055
856 4 1 _uhttps://stm.cairn.info/journal-journal-of-energy-history-2025-1-page-49?lang=en&redirect-ssocas=7080
999 _c1613462
_d1613462